LEADER 00893nam a2200217 i 4500 001 000000050367 003 CaOOAMICUS 005 20110520000000.0 008 110520s1856 it u000 u ita u 013 $a21538 040 $aSeMil$bita 245 10$aRime burlesche di eccelenti autori /$craccolte, ordinate e postillate da Pietro Fanfani. 260 $aFirenze :$bF. Le Monnier,$c1856. 300 $aXI, 475 p. ;$c16 cm. 650 4$aPoesia italiana - Antologie.$0(OLS)http://semarc/subject/506 700 1 $aFanfani, Pietro.$0(OLS)http://semarc/name/24955 850 $aSeMil 852 $aSeMil$W1$xVenegono$y1$m1B V 6 FA$j16522$B16522$CSeMilBibl$Z2$F16522 $8I 961 $aOmaggio: Biblioteca Seminario Seveso (fino al 1985) 996 $6245$aRime burlesche di eccelenti autori$9(OLS)http://semarc/title/76887 996 $6260$aFirenze :$bF. Le Monnier$9(OLS)http://semarc/publisher/30243 LEADER 01029nam a2200241 i 4500 001 000000202493 003 CaOOAMICUS 005 20110525000000.0 008 110525s2000 it u000 u ita u 013 $a181203 020 $a88-86881-39-8 040 $aSeMil$bita 100 1 $aCaccia, Silvano <1954-2009>.$0(OLS)http://semarc/name/43584 245 10$aRicondurre i cuori dei padri verso i figli :$bGiubileo: un anno di grazia anche per i genitori? /$cSilvano Caccia. 260 $aSaronno :$bMonti,$c2000. 300 $a55 p. ;$c18 cm. 650 4$aGiubilei - 2000.$0(OLS)http://semarc/subject/4961 850 $aSeMil 852 $aSeMil$W1$xVenegono$y1$m5D VIII 23/1$j153016$B153016$CSeMilBibl$Z2$F164009 $81 961 $aOmaggio: Altro 996 $6020$a88-86881-39-8$9(OLS)http://semarc/number/195450 996 $6245$aRicondurre i cuori dei padri verso i figli :$bGiubileo: un anno di grazia anche per i genitori?$9(OLS)http://semarc/title/293135 996 $6260$aSaronno :$bMonti$9(OLS)http://semarc/publisher/31680